000 01137nam a22003137a 4500
003 CHAP
005 20220329135137.0
008 971013s1982 r 00010 d
010 _a31606
011 _a32578
035 _a36693
040 _cCHAP
090 _aTesis
100 0 0 _aNavarro Guerrero, Enrique.
_980564
245 _aInteracción genotipo-medio ambiente y sus efectos en los parámetros de estabilidad en líneas restauradoras (R) de sorgo Sorghum bicolor (L) Moench
260 _aSaltillo, Coah. :
_bEl autor,
_c1982
300 _a74 h.
_b; gráfs.
502 _aTesis (M.C. Esp. en Fitomejoramiento) -- Universidad Autónoma Agraria Antonio Narro. Programa de Graduados
590 _aALEPH
_b10
_c20130110
_lUCH01
_h1253
590 _aBATCH-UPD
_b10
_c20130110
_lUCH01
_h2053
590 _aBATCH-UPD
_b10
_c20130410
_lUCH01
_h1407
590 _aBATCH-UPD
_b10
_c20130914
_lUCH01
_h1837
590 _aCONVERSION
_b10
_c20130109
_lUCH01
_h1318
650 1 4 _aSorgo
_xEfecto del medio ambiente.
_9108658
650 1 4 _aSorgo
_xGenética.
_9108673
901 _aBK
942 _cTESIS
949 _bBC
_cTES
_d-84482
_eTS1
_i36693
_si
999 _c31606
_d31606